সহজ তর্কবিদ্যা প্রবেশিকা : (Record no. 57395)
[ view plain ]
| 000 -LEADER | |
|---|---|
| fixed length control field | 00818nam a2200241 a 4500 |
| 001 - CONTROL NUMBER | |
| control field | 57395 |
| 003 - CONTROL NUMBER IDENTIFIER | |
| rucl marc code | BD-RjUL |
| 005 - DATE AND TIME OF LATEST TRANSACTION | |
| control field | 20211209080514.0 |
| 008 - FIXED-LENGTH DATA ELEMENTS--GENERAL INFORMATION | |
| fixed length control field | 161208s1974 bg ||||| |||| 00| 0 ben d |
| 020 ## - INTERNATIONAL STANDARD BOOK NUMBER | |
| Terms of availability | : TK 12.50 |
| 035 ## - SYSTEM CONTROL NUMBER | |
| System control number | (BD-RjUL)57519 |
| 040 ## - CATALOGING SOURCE | |
| Original cataloging agency | BD-RjUL |
| Language of cataloging | ben |
| Transcribing agency | BD-RjUL |
| 041 ## - LANGUAGE CODE | |
| Language code of text/sound track or separate title | ben |
| 082 ## - DEWEY DECIMAL CLASSIFICATION NUMBER | |
| Edition number | 23 |
| Classification number | 162 |
| Author mark and year | HUS 1974 |
| 100 ## - MAIN ENTRY--PERSONAL NAME | |
| Personal name | হুদা, এম. |
| 9 (RLIN) | 170457 |
| 245 10 - TITLE STATEMENT | |
| Title | সহজ তর্কবিদ্যা প্রবেশিকা : |
| Remainder of title | অবরোহ-Deductive / |
| Statement of responsibility, etc. | এম. হুদা |
| 250 ## - EDITION STATEMENT | |
| Edition statement | ৯ম পরি. সং. |
| 260 ## - PUBLICATION, DISTRIBUTION, ETC. (IMPRINT) | |
| Place of publication, distribution, etc. | ঢাকা : |
| Name of publisher, distributor, etc. | মল্লিক ব্রাদার্স, |
| Date of publication, distribution, etc. | ১৯৭৪ |
| 300 ## - PHYSICAL DESCRIPTION | |
| Pagination | ৪৭০ পৃ. ; |
| Size | ১৬ সেমি. |
| 650 ## - SUBJECT ADDED ENTRY--TOPICAL TERM | |
| Topical term or geographic name as entry element | অবরোহ |
| 9 (RLIN) | 170458 |
| Topical term or geographic name as entry element | Deductive |
| 9 (RLIN) | 170459 |
| 942 ## - ADDED ENTRY ELEMENTS (KOHA) | |
| Source of classification or shelving scheme | Dewey Decimal Classification |
| Koha item type | Books |
| Lost status | Source of classification or shelving scheme | Damaged status | Not for loan | Collection code | Permanent Location | Current Location | Shelving location | Date acquired | Source of acquisition | Total Checkouts | Full call number | Date last seen | Copy number | Koha item type |
|---|---|---|---|---|---|---|---|---|---|---|---|---|---|---|
| Dewey Decimal Classification | Not For Loan | Non-fiction | Central Library, University of Rajshahi | Central Library, University of Rajshahi | Reading Room | 10/02/1990 | Mirza books agency | B 162 HUS 1974 | 08/12/2016 | C-1 | Books |